<?xml version="1.0" encoding="UTF-8"?><?xml-stylesheet type="text/xsl" href="static/style.xsl"?><OAI-PMH xmlns="http://www.openarchives.org/OAI/2.0/" xmlns:xsi="http://www.w3.org/2001/XMLSchema-instance" xsi:schemaLocation="http://www.openarchives.org/OAI/2.0/ http://www.openarchives.org/OAI/2.0/OAI-PMH.xsd"><responseDate>2026-04-27T02:31:52Z</responseDate><request verb="GetRecord" identifier="oai:uvadoc.uva.es:10324/886" metadataPrefix="marc">https://uvadoc.uva.es/oai/request</request><GetRecord><record><header><identifier>oai:uvadoc.uva.es:10324/886</identifier><datestamp>2021-06-23T16:39:43Z</datestamp><setSpec>com_10324_30605</setSpec><setSpec>com_10324_894</setSpec><setSpec>col_10324_41</setSpec></header><metadata><record xmlns="http://www.loc.gov/MARC21/slim" xmlns:doc="http://www.lyncode.com/xoai" xmlns:xsi="http://www.w3.org/2001/XMLSchema-instance" xmlns:dcterms="http://purl.org/dc/terms/" xsi:schemaLocation="http://www.loc.gov/MARC21/slim http://www.loc.gov/standards/marcxml/schema/MARC21slim.xsd">
<leader>00925njm 22002777a 4500</leader>
<datafield tag="042" ind1=" " ind2=" ">
<subfield code="a">dc</subfield>
</datafield>
<datafield tag="720" ind1=" " ind2=" ">
<subfield code="a">Ortega Aparicio, Pedro</subfield>
<subfield code="e">author</subfield>
</datafield>
<datafield tag="260" ind1=" " ind2=" ">
<subfield code="c">2007</subfield>
</datafield>
<datafield tag="520" ind1=" " ind2=" ">
<subfield code="a">La presente Tesis Doctoral tiene como principal objetivo estudiar el papel que jugó el Frente de Juventudes durante el periodo 1940-1961 como instrumento de socialización política de las sucesivas generaciones de jóvenes palentinos entre 7 y 21 años en los valores políticos del régimen franquista. Además, esta tesis doctoral ha pretendido comprender como la organización juvenil fue uno de los medios de que se sirvió el Nuevo Estado para generar cierto &lt;&lt;consenso social>>. En la tesis doctoral se abordan cuestiones como:&#xd;
&#xd;
-	Describir las principales actividades y mecanismos de socialización política desarrollados por la organización juvenil (penetración en el sistema educativo, fomento de los deportes, realización de actividades al aire libre, promoción de actividades culturales y artísticas, etc.)&#xd;
-	Aproximarse a los medios humanos de que dispuso la organización.&#xd;
-	Precisar los medios materiales (financiación, infraestructuras, hogares juveniles, material deportivo y de acampada, etc.) que poseyó la organización juvenil.&#xd;
-	Describir la estrecha cooperación que mantuvo el FJ con el magisterio para poder desempeñar su labor en el sistema educativo.&#xd;
-	Precisar el alcance del encuadramiento y el nivel de afiliación de los jóvenes palentinos al FJ en las distintas Secciones. &#xd;
-	Concluir indicando el grado de éxito o fracaso del FJ en su misión de reproducción política del partido (“pases al Movimiento”)</subfield>
</datafield>
<datafield tag="024" ind2=" " ind1="8">
<subfield code="a">http://uvadoc.uva.es/handle/10324/886</subfield>
</datafield>
<datafield tag="024" ind2=" " ind1="8">
<subfield code="a">b1511101</subfield>
</datafield>
<datafield tag="024" ind2=" " ind1="8">
<subfield code="a">10.35376/10324/886</subfield>
</datafield>
<datafield ind1=" " ind2=" " tag="653">
<subfield code="a">Frente de Juventudes-España-Palencia</subfield>
</datafield>
<datafield ind1=" " ind2=" " tag="653">
<subfield code="a">Franquismo</subfield>
</datafield>
<datafield ind1=" " ind2=" " tag="653">
<subfield code="a">Falange Española-Tradicionalista y de las J.O.N.S.</subfield>
</datafield>
<datafield ind1=" " ind2=" " tag="653">
<subfield code="a">Movimientos juveniles-España-Palencia-1939-1975</subfield>
</datafield>
<datafield ind1=" " ind2=" " tag="653">
<subfield code="a">Juventud-Política gubernamental-España-1939-1975</subfield>
</datafield>
<datafield tag="245" ind1="0" ind2="0">
<subfield code="a">El Frente de Juventudes en una provincia castellana: Palencia (1940-1961)</subfield>
</datafield>
</record></metadata></record></GetRecord></OAI-PMH>